• 首页
  • 本馆介绍
  • 公告通知
  • 最新文献
  • 馆藏检索
  • 电子资源
  • 读者导购
  • 参考咨询
  • 我的图书馆
  • 登录
  • 详细信息显示
  • 放入我的书架
  • 预约/预借图书
  • 作者相关作品
  • 分类相关作品
  • 丛书相关作品
  • 出版社相关作品

书目信息

  • 表格格式
  • 工作单格式
  • 卡片格式
题名:
中国能源发展报告
    
 
作者: 崔民选 主编
分册: 2011  
出版信息: 北京   社会科学文献出版社  2011.7
页数: 404页
开本: 24cm
丛书名: 皮书系列
单 册:
中图分类: F426.2
科图分类:
主题词: 能源工业--经济发展战略--研究报告--中国--2011 , 能源工业 , 经济发展战略
电子资源:
ISBN: 978-7-5097-2471-2
000 01137oam2 2200289 45
001 1356788046
005 20130515093102.00
010    @a978-7-5097-2471-2@dCNY79.00
100    @a20130108d2011 em y0chiy50 ea
101 0  @achi@deng@eeng
102    @aCN@b110000
105    @aak z 000yy
106    @ar
200 1  @a中国能源发展报告@AZhong Guo Neng Yuan Fa Zhan Bao Gao@h2011@f崔民选主编@FCui Min Xuan Zhu Bian
210    @a北京@c社会科学文献出版社@d2011.7
215    @a404页@c图@d24cm
225 2  @a皮书系列
300    @a能源蓝皮书
330    @a本书根据新形势、新变化,坚持立足翔实数据,充分运用科学分析方法,紧密结合国内外形势新变化,始终围绕可持续发展这一中心,针对破解短期内经济危机下的能源发展困局,以及打破长期内资源与环境双制约条件下能源行业的可持续发展桎梏,提出了切实可行的对策,旨在帮助我们更为深刻地把握我国能源和环境发展问题与趋势。
461  0 @12001 @a皮书系列
606 0  @a能源工业@x经济发展战略@x研究报告@y中国@z2011
606 0  @a能源工业
606 0  @a经济发展战略
690    @aF426.2@v5
701  0 @a崔民选@ACui Min Xuan@4主编
801    @aCN@bTANGWEI@c20130108
905    @b0829356-60@dF426.2@e119@f5
    
    中国能源发展报告.2011/崔民选主编.-北京:社会科学文献出版社,2011.7
    404页:图;24cm.-(皮书系列)
    能源蓝皮书
    
    ISBN 978-7-5097-2471-2:CNY79.00
    本书根据新形势、新变化,坚持立足翔实数据,充分运用科学分析方法,紧密结合国内外形势新变化,始终围绕可持续发展这一中心,针对破解短期内经济危机下的能源发展困局,以及打破长期内资源与环境双制约条件下能源行业的可持续发展桎梏,提出了切实可行的对策,旨在帮助我们更为深刻地把握我国能源和环境发展问题与趋势。
●
相关链接 在E读中查询图书 在五车中查询图书 在当当中查询图书 在豆瓣中查询图书


正题名:中国能源发展报告     索取号:F426.2/119         预约/预借

序号 登录号 条形码 馆藏地/架位号 状态 备注
1 0829356   208293568   第一样本阅览室/ [索取号:F426.2/119] 在馆    
2 0829357   208293577   第一借阅区/ [索取号:F426.2/119] 在馆    
3 0829358   208293586   第一借阅区/ [索取号:F426.2/119] 在馆    
4 0829359   208293595   第一借阅区/ [索取号:F426.2/119] 在馆    
5 0829360   208293602   第一借阅区/ [索取号:F426.2/119] 在馆    
唐山师范学院图书馆 欢迎您!
大连网信软件有限公司© 版权所有